The Politics of nuclear waste / (Record no. 9635)

MARC details
000 -LEADER
fixed length control field 00929cac a22002775a 4500
008 - FIXED-LENGTH DATA ELEMENTS--GENERAL INFORMATION
fixed length control field 150805s1982 xxua|||fr|||| 001 0 eng d
010 ## - LIBRARY OF CONGRESS CONTROL NUMBER
LC control number 81010589
020 ## - INTERNATIONAL STANDARD BOOK NUMBER
International Standard Book Number 0080263232
020 ## - INTERNATIONAL STANDARD BOOK NUMBER
International Standard Book Number 9780080263236
040 ## - CATALOGING SOURCE
Language of cataloging eng
Modifying agency EG-ScBUE
082 04 - DEWEY DECIMAL CLASSIFICATION NUMBER
Classification number 621.4838
Item number POL
Edition number 22
245 0# - TITLE STATEMENT
Title The Politics of nuclear waste /
Statement of responsibility, etc Edited by E. William Colglazier, Jr.
260 ## - PUBLICATION, DISTRIBUTION, ETC. (IMPRINT)
Place of publication, distribution, etc New York :
Name of publisher, distributor, etc Pergamon Press,
Date of publication, distribution, etc c. 1982.
300 ## - PHYSICAL DESCRIPTION
Extent xxv, 264 p. :
Other physical details ill. ;
Dimensions 24 cm.
490 0# - Series Statement
Series statement Pergamon policy studies on energy
500 ## - GENERAL NOTE
General note "An Aspen Institute book."
500 ## - GENERAL NOTE
General note Index : p. 259-262.
504 ## - BIBLIOGRAPHY, ETC. NOTE
Bibliography, etc Includes bibliographical references .
590 ## - LOCAL NOTE (RLIN)
Local note doaa mohamed
650 #0 - SUBJECT ADDED ENTRY--TOPICAL TERM
Topical term or geographic name as entry element Radioactive waste disposal
Geographic subdivision United States.
Source of heading or term BUEsh
650 #0 - SUBJECT ADDED ENTRY--TOPICAL TERM
Topical term or geographic name as entry element Nuclear energy
General subdivision Government policy
Geographic subdivision United States.
Source of heading or term BUEsh
651 ## - SUBJECT ADDED ENTRY--GEOGRAPHIC NAME
Source of heading or term BUEsh
653 ## - INDEX TERM--UNCONTROLLED
Resource For college Generalities
700 1# - ADDED ENTRY--PERSONAL NAME
Personal name Colglazier, E. William
Fuller form of name (Elmer William)
942 ## - ADDED ENTRY ELEMENTS (KOHA)
Item type Book - Borrowing
Call number prefix 621.4838 POL
Source of classification or shelving scheme Dewey Decimal Classification
Holdings
Withdrawn status Item status Source of classification or shelving scheme Materials specified (bound volume or other part) Damaged status Not for loan Home library Current library Shelving location Date acquired Source of acquisition Total Checkouts Full call number Barcode Date last seen Date last borrowed Koha item type
    Dewey Decimal Classification Lost_In_Inventory_12-2-2024     Central Library Central Library First floor 11/08/2015   4 621.4838 POL 000011418 15/07/2025 02/05/2015 Book - Borrowing